000 00672nam a22002417a 4500
003 UA-OsUOA
001 45781
007 ta
008 20111125b un ||||| |||| 00| 0 ukr d
100 _aСікевич В.
090 _a09.-82-94
_bС41
942 _cBK
040 _aUA-OsUOA
_brus
_cUA-OsUOA
_dUA-OsUOA
245 _aСторінки із записної книжки
_bТ. ІІ
300 _a76 с.
955 _a4
041 _arus
080 _a09.-82-94
260 _c1943
650 7 _a0 Загальний відділ.
_2UDC
999 _c425883
_d425883